000 00557nam a2200157Ia 4500
008 090124s9999 xx 000 0 und d
082 _b128858
245 _a सार्थ श्रीमद् भगवद्गीता
250 _a1
260 _c1999
300 _a520
630 _a सार्थ श्रीमद् भगवद्गीता
700 _aघैसास दिवाकर अनंत (घैसास दि. अ.)
730 _a सार्थ श्रीमद् भगवद्गीता
942 _cBOOK
999 _c174947
_d174947